000 00570nam a2200205Ia 4500
005 20250508162850.0
008 008 250505s9999 xx 000 0 hin d
037 _aTextual
040 _aFEDL
_beng
_cFEDL
041 _ahin
_2eng
084 _a155.2, TRI
_qFEDL
100 _aTripati R.B.
_9774230
245 0 _aVyaktitva ka manovigyan
260 _aVaranasi, India
_bGanga Saran and Grand Sons
_c1993
300 _aviii,352p.
650 _aPersonality
700 _a R.N. Singh
_9774231
942 _cTEXL
_h155.2, TRI
999 _c1379118
_d1379118